|
|
แสดงรายละเอียดบรรณานุกรม |
|
|
Brief Record
: Get Marc (ISO 2709)
: E-mail record
: |
| LEADER 00000nama 2200000uu 4500 | |||
| 001 195599 | |||
| 003 ULIBM | |||
| 008 040531s|||| th m m a000 0 tha d | |||
| 020 978-974-9748-51-0 | |||
| 041 tha | |||
| 050 รส ม151ล 2550 | |||
| 100 มนตรี ศรียงค์. | |||
| 245 โลกในดวงตาของข้าพเจ้า. | |||
| 600 กวีนิพนธ์--ไทย. | |||
| 650 รวนเรื่อง. | |||
| 995 003 | |||
| คุณยังไม่ได้ล็อกอิน คุณสามารถมีกิจกรรมร่วมกับเว็บไซต์ได้ แต่ต้องล็อกอินก่อน :: |
|
| สถานะ | |||||||||
| 1. | เรื่องสั้น | รส ม151ล 2550 | On Shelf ขอยืม | ||||||
| [แสดง 1/1 รายการ] | |||||||||
BibComment |
| คอมเมนท์ทรัพยากรรายการนี้ |
|
|